000 00989nam a2200277 i 4500
001 18790
003 ES-MaACL
005 20250812070417.0
007 t|
008 020204s1986 sp ||||0| spa j ..|
015 _a1988-JUN-9786
016 7 _zSAB9000016674
040 _aM-BN-DP
_bspa
_cM-BN-DP
080 _a7.036(466)(064.3)
245 0 0 _aArte y artistas vascos de los años 30
_b: = 30 urtearen hamarkadako euskal artea eta artistak.
260 _a[San Sebastián :
_bDiputación Foral de Guipúzcoa],
_cD.L. 1986.
300 _a351 p :
_bil: en col. y n ;
_c29 cm.
500 _aTextos en castellano.
500 _aExposición celebrada en el Museo de San Telmo, del 4 al 31 de octubre de 1986.
650 4 _aArte-
_zPaís Vasco-
_vExposiciones
_910326
655 7 _2tgfbne
_9193628
_aCatálogos de exposiciones
710 1 _aGuipúzcoa.
_bDiputación Foral.
_94554
852 _aES-MaACL
_jL-25276
_bR.130443
942 _2udc
999 _c18790
_d18790